| 000 | 01175nam a2200373 i 4500 | ||
|---|---|---|---|
| 001 | 33829 | ||
| 003 | KOSZ 005 | ||
| 005 | 20211005085532.0 | ||
| 008 | 981212s1998 uk a f f |000 0 eng d | ||
| 020 | _a960721286X | ||
| 040 |
_cKOSZ 005/HR _aKOSZ 005/HR _dKOSZ 005/HR |
||
| 041 | 0 | _aeng | |
| 046 | _k1998 | ||
| 080 | _a811.111'36 | ||
| 080 | _a(07) | ||
| 100 | 1 |
_aEvans, Virginia _d(1945- ) _eAutor |
|
| 245 | 1 | 0 |
_aRound-up 6 : _bEnglish grammar practice / _cVirginia Evans. |
| 250 | _a2nd impr. | ||
| 260 |
_aSwansea : _bExpress Publ., _c1998. |
||
| 300 |
_a256 : _brys. kolor. ; _c28 cm. |
||
| 336 |
_2rdacontent _aTekst _btxt |
||
| 337 |
_2rdamedia _aBez urządzenia pośredniczącego _bn |
||
| 338 |
_2rdacarrier _aWolumin _bnc |
||
| 380 | _aKsiążki | ||
| 380 | _aPublikacje dydaktyczne | ||
| 385 |
_mPoziom nauczania _apoziom wyższy średniozaawansowany |
||
| 388 | _a1901- | ||
| 500 | _aOpis wg okł. | ||
| 650 | 4 |
_aJęzyk angielski _xgramatyka. |
|
| 658 | _aJęzykoznawstwo | ||
| 655 | 4 | _aPodręcznik | |
| 856 |
_uhttp://koha.tu.koszalin.pl/cgi-bin/koha/opac-detail.pl?biblionumber=33829 _yKatalog online BPK |
||
| 942 |
_cKS _2UKD |
||
| 999 |
_c33829 _d33829 |
||